Anita e um domingo diferente (Registo nº 31834)
[ vista simples ]
| 000 -Etiqueta do registo | |
|---|---|
| Valores | 00591cam a2200205 04500 |
| 010 ## - Número ISBN | |
| ISBN | 9789722214131 |
| 021 ## - Número do Depósito Legal | |
| Número | 150186/00 |
| 090 ## - | |
| -- | 31834 |
| 100 ## - Dados gerais de processamento | |
| Dados gerais | 19931019d1993 cd y0pory5003 ba |
| 200 1# - Titulo e menção de responsabilidade | |
| Título próprio | Anita e um domingo diferente |
| Primeira menção de responsabilidade | Gilbert Delahaye |
| Outras menções de responsabilidade | il. Marcel Marlier |
| 210 ## - Publicação | |
| Local de publicação | Lisboa |
| Nome do editor | Verbo |
| Data de publicação | D.L. 2000 |
| 215 ## - Descrição física | |
| Paginação / Volumes | 21 p. |
| Outras indicações físicas | il. |
| Dimensões | 26 cm |
| 225 2# - Colecção | |
| Título próprio da colecção | Verbo infantil |
| Nome de parte ou secção | Anita |
| Indicação de volume | 23 |
| 606 ## - Nome comum usado como assunto | |
| ID Autoridade | 185 |
| Palavra de ordem | Literatura infantil |
| 675 ## - CDU | |
| Notação | 8:087.5 |
| 700 ## - Autor principal (pessoa individual) | |
| Apelido | Delahaye |
| Nome | Gilbert |
| Datas | 1923-1997 |
| ID Autoridade | 3094 |
| 702 ## - Autor secundário (pessoa individual) | |
| Apelido | Marlier |
| Nome | Marcel |
| Datas | 1930-2011 |
| ID Autoridade | 3095 |
| 801 #0 - Fonte de origem | |
| País | PT |
| Agência | BN |
| Regras de catalogação | RPC |
| 990 ## - Elementos KOHA | |
| Tipo de documento | Livro |
| Situação do levantamento | Estado | Biblioteca de origem | Biblioteca de empréstimo | Código de barras | Cota | Permissão de empréstimo | Tipo de documento | Nota relativa ao exemplar | Forma de aquisição |
|---|---|---|---|---|---|---|---|---|---|
| Completo | Biblioteca Municipal de Viana Do Alentejo | Biblioteca Municipal de Viana Do Alentejo Pólo Aguiar | 0035413 | 8 DEL | Disponível | Livro | Oferta | ||
| Completo | Biblioteca Municipal de Viana Do Alentejo Pólo Alcáçovas | Biblioteca Municipal de Viana Do Alentejo Pólo Alcáçovas | 0031473 | 8 DEL | Disponível | Livro | 6-10 anos |